| 000 | 01451nam a2200421 i 4500 | ||
|---|---|---|---|
| 001 | 43205 | ||
| 003 | KOSZ 005 | ||
| 005 | 20220105111117.0 | ||
| 008 | 011105s2001 pl a f f |001 0 pol | ||
| 015 | _aPB 2002/921 | ||
| 020 | _a8301133074 | ||
| 040 |
_aWA N _cWA N _dKOSZ 005/HR |
||
| 041 | 0 | _apol | |
| 046 | _k2000 | ||
| 080 | _a005 | ||
| 080 | _a(07) | ||
| 245 | 0 | 0 |
_aZarządzanie : _bteoria i praktyka / _cred. nauk. Andrzej K. Koźmiński, Włodzimierz Piotrowski ; aut. Aleksander Chrostowski [et al.]. |
| 250 | _aWyd. 5 zm., dodr. 2 | ||
| 260 |
_aWarszawa : _bWydaw. Naukowe PWN, _c2001. |
||
| 300 |
_a791, [1] s. : _bil. ; _c25 cm. |
||
| 336 |
_2rdacontent _aTekst _btxt |
||
| 337 |
_2rdamedia _aBez urządzenia pośredniczącego _bn |
||
| 338 |
_2rdacarrier _aWolumin _bnc |
||
| 380 | _aKsiążki | ||
| 380 | _aPublikacje dydaktyczne | ||
| 385 |
_mPoziom nauczania _aSzkoły wyższe |
||
| 388 | _a2001- | ||
| 504 | _aBibliogr. przy rozdz. Indeksy. | ||
| 650 | 4 | _aZarządzanie | |
| 655 | 4 | _aPodręcznik | |
| 658 | _aZarządzanie i marketing | ||
| 700 | 1 |
_aKoźmiński, Andrzej Krzysztof _d(1941- ) _eRedakcja |
|
| 700 | 1 |
_aPiotrowski, Włodzimierz _eRedakcja |
|
| 700 | 1 |
_aChrostowski, Aleksander _eAutor |
|
| 710 | 2 |
_aWydawnictwo Naukowe PWN _4pbl. |
|
| 856 |
_uhttp://koha.tu.koszalin.pl/cgi-bin/koha/opac-detail.pl?biblionumber=43205 _yKatalog online BPK |
||
| 942 |
_2UKD _cKS |
||
| 999 |
_c43205 _d43205 |
||